=LDR 00000nam 2200000 4500 =001 INLIS000000000017893 =005 20130612113106 =008 ***********************************Ind** =035 ##$$0010-061300000017893 =041 ##$$a Ind =082 ##$$a 2x2.3 =090 ##$$a 2x2.3, Yed s =100 ##$$a Yed, Ibnu Daqiil =245 ##$$a Sejarah hadits arba'in, Ibnu Daqiil Yed =260 ##$$a [19...?] $b Solo =300 ##$$a 180 hlm, 23 cm =650 ##$$a Hadis-Kumpulan =850 ##$$a NBPNMAT